| 000 | 01060nam a2200241 a 4500 | ||
|---|---|---|---|
| 001 | 119 | ||
| 003 | BD-RjUL | ||
| 005 | 20211208233122.0 | ||
| 008 | 131107s1999 bg a| |||||||000 ||ben|d | ||
| 020 |
_a9848171036 : _cTk.300.00 |
||
| 035 | _a(BD-RjUL)131 | ||
| 040 |
_aBD-RjUL _bben _cBD-RjUL _dBD-RjUL |
||
| 041 | _aben | ||
| 082 |
_223 _a954.923 _bSAN 1999 |
||
| 245 | 0 | 0 |
_aসন্দ্বীপ-সমীক্ষা / _cসম্পাদক: মোহাম্মদ হাসান |
| 260 |
_aচট্টগ্রাম : _bসন্দ্বীপ অ্যাসোসিয়েশন চট্টগ্রাম, _c১৯৯৯. |
||
| 300 |
_a৩০০ পৃ.: _bচিএ ; _c১৮ সেমি. |
||
| 504 | _aগ্রন্থপঞ্জি ও নির্ঘন্ট সম্বলিত. | ||
| 650 | 0 |
_zBangladesh _zSandwip _9392 _xHistory. |
|
| 650 | 7 |
_zবাংলাদেশ _zসন্দ্বীপ _978981 _xইতিহাস |
|
| 700 | 1 |
_aহাসান, মোহাম্মদ, সম্পাদক _970888 |
|
| 942 |
_2ddc _cBK |
||
| 999 |
_c119 _d119 |
||